Empate militar y reacomodo político en El Salvador /
Gespeichert in:
| 1. Verfasser: | |
|---|---|
| Format: | Text |
| Schlagworte: | |
| Tags: |
Tag hinzufügen
Keine Tags, Fügen Sie den ersten Tag hinzu!
|
MARC
| LEADER | 00000 a a2200000 04500 | ||
|---|---|---|---|
| 001 | 10440 | ||
| 003 | |||
| 040 | |a CRAI/IIS |c CRAI/IIS | ||
| 100 | |a Benítez Manaut, Raúl | ||
| 245 | |a Empate militar y reacomodo político en El Salvador / |c Raúl Benítez Manaut | ||
| 650 | |a FUERZAS ARMADAS | ||
| 650 | |a POLITICA | ||
| 650 | |a PARTIDOS POLITICOS | ||
| 650 | |a POLITICA | ||
| 650 | |a MODERNIZACION | ||
| 650 | |a ELECCIONES | ||
| 650 | |a DEMOCRACIA | ||
| 773 | |g número 106; páginas 73-81 | ||
| 999 | |c 19673 |d 19673 | ||
